| 000 | 00548nam a2200205 4500 | ||
|---|---|---|---|
| 003 | OSt | ||
| 005 | 20240621083439.0 | ||
| 006 | a | ||
| 008 | 240620b |||||||| |||| 00| 0 eng d | ||
| 020 | _a9715100848 | ||
| 040 |
_aDWCL-Main lib. _cOC |
||
| 082 | _aFil. 264 R111L 1994 | ||
| 100 | _aRaas, Bernhard SVD | ||
| 245 | _aLiturgical year vol. 1 / | ||
| 260 |
_aManila: _bLogos Publications, Inc., _cc1994. |
||
| 300 |
_b215 p. ; _c22 cm. |
||
| 504 | _aIncludes selected bibliography. | ||
| 650 | _a1. Liturgy. | ||
| 942 |
_2ddc _n0 _cBK - FIL _kFil. |
||
| 999 |
_c931 _d931 |
||